00880 2200313 4500001002100000005001500021035002000036007000300056040001700059100002400076245006900100250001200169300003600181020002200217041000800239082000800247084001400255090001900269264004300288336002100331337003000352338002300382650002200405850001000427008004100437700004000478990002400518990002400542INLIS00000000000437920260526113139 a0010-0122000011ta aSBPUPADbInd0 aJuliandiePengarang1 aPeliharalah Komputer Anda /cJuliandi ; editor, Muhammad Bambang a.-cet.1 aiii,72 hal :billus. ;c21x15cm a978-602-96239-9-40 aind a004 a004 JUL p a004 JUL P L1-5 a.--Bandung :bCipta Dea Pustaka,c2009 2rdacontentaTeks 2rdamediaaTanpa Perantara 2rdacarrieravolume 4aPelihara Komputer aPUPAD260526 0 0 aeditor, Muhammad BambangePengarang a643/B/KAPD.PDG/2012 a644/B/KAPD.PDG/2012